Sports Quiz

Random Sports or MLB Quiz

MLB Most Top Ten Seasons (Hitting) Quiz Stats

 Plays Quiz not verified by Sporcle

Score 0/169 Timer 10:00
0 Plays Today
Statistic Player Name % Correct
WalksBabe Ruth
97.5%
Home RunsBabe Ruth
97.5%
RBIBabe Ruth
97.5%
Total BasesBabe Ruth
97.5%
On-Base PercentageBabe Ruth
97.5%
Slugging PercentageBabe Ruth
97.5%
Wins Above ReplacementBabe Ruth
97.5%
HitsHank Aaron
96.7%
Home RunsHank Aaron
96.7%
RBIHank Aaron
96.7%
Runs ScoredHank Aaron
96.7%
Times on BaseHank Aaron
96.7%
Total BasesHank Aaron
96.7%
Slugging PercentageHank Aaron
96.7%
Wins Above ReplacementHank Aaron
96.7%
HitsTy Cobb
96.3%
DoublesTy Cobb
96.3%
TriplesTy Cobb
96.3%
RBITy Cobb
96.3%
Runs ScoredTy Cobb
96.3%
Times on BaseTy Cobb
96.3%
Total BasesTy Cobb
96.3%
Batting AverageTy Cobb
96.3%
On-Base PercentageTy Cobb
96.3%
Slugging PercentageTy Cobb
96.3%
Wins Above ReplacementTy Cobb
96.3%
WalksBarry Bonds
96.3%
Home RunsBarry Bonds
96.3%
Runs ScoredBarry Bonds
96.3%
Times on BaseBarry Bonds
96.3%
On-Base PercentageBarry Bonds
96.3%
Slugging PercentageBarry Bonds
96.3%
Wins Above ReplacementBarry Bonds
96.3%
WalksRickey Henderson
96.2%
On-Base PercentageRickey Henderson
96.2%
Stolen BasesRickey Henderson
96.2%
HitsPete Rose
96%
DoublesPete Rose
96%
Runs ScoredPete Rose
96%
Times on BasePete Rose
96%
Batting AveragePete Rose
96%
WalksTed Williams
93.7%
Home RunsTed Williams
93.7%
RBITed Williams
93.7%
Times on BaseTed Williams
93.7%
Batting AverageTed Williams
93.7%
Wins Above ReplacementTed Williams
93.7%
Home RunsLou Gehrig
93.1%
RBILou Gehrig
93.1%
Runs ScoredLou Gehrig
93.1%
Times on BaseLou Gehrig
93.1%
Total BasesLou Gehrig
93.1%
Home RunsWillie Mays
92.2%
Runs ScoredWillie Mays
92.2%
Times on BaseWillie Mays
92.2%
Total BasesWillie Mays
92.2%
Slugging PercentageWillie Mays
92.2%
Statistic Player Name % Correct
Wins Above ReplacementWillie Mays
92.2%
WalksMickey Mantle
90.7%
Home RunsMickey Mantle
90.7%
HitsStan Musial
88.4%
DoublesStan Musial
88.4%
RBIStan Musial
88.4%
Times on BaseStan Musial
88.4%
Total BasesStan Musial
88.4%
Batting AverageStan Musial
88.4%
On-Base PercentageStan Musial
88.4%
Slugging PercentageStan Musial
88.4%
Wins Above ReplacementStan Musial
88.4%
HitsHonus Wagner
86.6%
DoublesHonus Wagner
86.6%
RBIHonus Wagner
86.6%
Total BasesHonus Wagner
86.6%
Batting AverageHonus Wagner
86.6%
Slugging PercentageHonus Wagner
86.6%
Wins Above ReplacementHonus Wagner
86.6%
TriplesNellie Fox
83.5%
Stolen BasesLou Brock
82.7%
Home RunsFrank Robinson
82.6%
RBIFrank Robinson
82.6%
Runs ScoredFrank Robinson
82.6%
Total BasesFrank Robinson
82.6%
On-Base PercentageFrank Robinson
82.6%
Slugging PercentageFrank Robinson
82.6%
Home RunsJimmie Foxx
82.2%
RBIJimmie Foxx
82.2%
Home RunsReggie Jackson
81.5%
HitsTony Gwynn
80.9%
Batting AverageTony Gwynn
80.9%
HitsCap Anson
80.4%
DoublesCap Anson
80.4%
RBICap Anson
80.4%
Times on BaseCap Anson
80.4%
Total BasesCap Anson
80.4%
Batting AverageCap Anson
80.4%
On-Base PercentageCap Anson
80.4%
Wins Above ReplacementCap Anson
80.4%
WalksMike Schmidt
79.5%
Home RunsMike Schmidt
79.5%
Runs ScoredMike Schmidt
79.5%
Total BasesMike Schmidt
79.5%
DoublesRogers Hornsby
78.5%
Home RunsRogers Hornsby
78.5%
RBIRogers Hornsby
78.5%
Batting AverageRogers Hornsby
78.5%
Slugging PercentageRogers Hornsby
78.5%
Wins Above ReplacementRogers Hornsby
78.5%
WalksTris Speaker
76.9%
DoublesTris Speaker
76.9%
TriplesTris Speaker
76.9%
Runs ScoredTris Speaker
76.9%
Times on BaseTris Speaker
76.9%
Batting AverageTris Speaker
76.9%
On-Base PercentageTris Speaker
76.9%
Statistic Player Name % Correct
Slugging PercentageTris Speaker
76.9%
Wins Above ReplacementTris Speaker
76.9%
WalksMel Ott
76.9%
Home RunsMel Ott
76.9%
Runs ScoredMel Ott
76.9%
On-Base PercentageMel Ott
76.9%
Slugging PercentageMel Ott
76.9%
Wins Above ReplacementMel Ott
76.9%
Home RunsHarmon Killebrew
70.6%
DoublesNap Lajoie
70.4%
Batting AverageNap Lajoie
70.4%
Slugging PercentageNap Lajoie
70.4%
Batting AverageRod Carew
63.7%
TriplesRoberto Clemente
62%
Batting AverageRoberto Clemente
62%
WalksJoe Morgan
59.7%
TriplesWillie Wilson
58.8%
HitsSam Crawford
58.6%
TriplesSam Crawford
58.6%
Home RunsSam Crawford
58.6%
RBISam Crawford
58.6%
Total BasesSam Crawford
58.6%
Slugging PercentageSam Crawford
58.6%
HitsEddie Collins
58.2%
WalksEddie Collins
58.2%
Times on BaseEddie Collins
58.2%
Batting AverageEddie Collins
58.2%
On-Base PercentageEddie Collins
58.2%
Wins Above ReplacementEddie Collins
58.2%
Stolen BasesEddie Collins
58.2%
HitsSam Rice
47.8%
Stolen BasesSam Rice
47.8%
HitsWee Willie Keeler
42.2%
Batting AverageWee Willie Keeler
42.2%
Stolen BasesLuis Aparicio
30%
Stolen BasesWillie Davis
29%
WalksDarrell Evans
27.2%
TriplesDan Brouthers
26.1%
Stolen BasesPee Wee Reese
25.8%
Stolen BasesRichie Ashburn
19.9%
Stolen BasesFrankie Frisch
19.4%
Stolen BasesMax Carey
18.9%
TriplesRoger Connor
16.7%
Times on BaseRoger Connor
16.7%
Stolen BasesBert Campaneris
16.6%
Times on BaseJesse Burkett
14.9%
TriplesBrett Butler
14.2%
Stolen BasesBrett Butler
14.2%
TriplesEnos Slaughter
13.1%
TriplesFred Clarke
12.1%
HitsJim O'Rourke
9.8%
DoublesJim O'Rourke
9.8%
Runs ScoredJim O'Rourke
9.8%
Total BasesJim O'Rourke
9.8%
DoublesPaul Hines
1.4%

You're not logged in!

Compare scores with friends on all Sporcle quizzes.
OR
Log In

Show Comments

Extras

Top Quizzes Today


Score Distribution

Your Account Isn't Verified!

In order to create a playlist on Sporcle, you need to verify the email address you used during registration. Go to your Sporcle Settings to finish the process.

Report this User

Report this user for behavior that violates our Community Guidelines.

Details: